What do fundamental rights mean for people in the EU? Fundamental rights survey

Bibliographic Details
Format: eBook
Language:English
Published: Bruselas: European Union Publications Office, 2020
Subjects:
Online Access:Acceso restringido

MARC

LEADER 00000nam a22000007a 4500
005 20210819222739.0
007 cr|||| ||||
008 210819s2020 eu |||||s|||| 00||0 eng d
020 |a 978-92-9474-994-9 
035 |a 34302 
040 |a vLex 
090 |c 12077  |d 12077 
245 0 0 |a What do fundamental rights mean for people in the EU?  |h [Recurso electrn̤ico] :  |b Fundamental rights survey 
256 |a Servicio en ln̕ea 
260 |a Bruselas:  |b European Union Publications Office,  |c 2020 
300 |a 1 recurso electrn̤ico 
500 |a FRA’s Fundamental Rights Survey collected data from 35,000 people about their experiences, perceptions and opinions on a range of issues that are variously encompassed by human rights. This report presents a small selection of the survey results. It focuses on findings with respect to respondents’ opinions about human – or fundamental – rights; their views and perceptions on the functioning of democratic societies – as a pillar on which human rights can flourish; and on their thoughts on and engagement with public services that have a duty to enforce human rights law and to protect people’s rights. The results are primarily intended to inform EU institutions, Member State governments and institutions – including National Human Rights Institutions, Equality Bodies and Ombuds Institutions – alongside human rights defenders and civil society organisations, about the place of fundamental rights in EU societies – based on what people think and experience. The findings provide an evidence base to inform action on fundamental rights, which – ultimately – can be used to achieve an impact on fundamental rights in practice and to ensure the effective implementation of fundamental rights obligations. 
506 1 |a Disponible solo en los productos indicados  |d vLex Global  |d vLex Global (Academic Edition, excluding Law Schools)  |d vLex Global (U.S. Academic Edition, Law Schools)  |d vLex Global (U.S. Academic Edition, excluding Law Schools)  |d vLex Global (Academic Edition, Law Schools) 
650 0 4 |a Derecho Constitucional  |z Unin̤ Europea 
740 0 |a vLex Libros (Servicio en ln̕ea) 
856 4 0 |u https://app.vlex.com/#/sources/34302  |z Acceso restringido 
942 |c BOOK 
999 0 |a Constitutional right